Brawl stars - kto ma ten tytuł? - Statystyki

Ogólne statystyki
  • Ten quiz został rozwiązany 85 razy
  • Średni wynik to 11 z 15
Statystyki odpowiedzi
Tytuł Zadymiarz % Poprawnych
#hejterzy Emz
93%
Snajper Piper
90%
Prezes brawl stars Edgar
85%
Nie czas na wyjaśnienia! Shelly
85%
Gdzie moja głowa? Tick
85%
PRĘDKOŚĆ TO JA! Maks
84%
Ptaszku, ptaszku! Dynamike
82%
O mamo! Pam
82%
Niania Nani
78%
Mistrz trampek Kieł
76%
SYS 64738 8 bitowiec
69%
Krewetka Gotowa Hank
67%
Daj mi gotować Pearl
55%
Wsparcie technologiczne 2.0 Meg
52%
Zły do Szpiku Buzz
49%
Nie znaleziono quizów pasujących do podanych kryteriów
Rozkład punktacji
Procent ludzi z każdym wynikiem
Percentyl według liczby udzielonych odpowiedzi
Twoja historia wyników
Nie rozwiązałeś tego quizu